Fast Typing to 30 - Statistics

General Stats
  • This quiz has been taken 38 times
  • The average score is 25 of 30
Answer Stats
Answer % Correct
1
100%
10
100%
11
100%
12
100%
2
100%
3
100%
4
100%
5
100%
6
100%
7
100%
8
100%
9
100%
13
83%
14
83%
15
83%
16
83%
17
83%
18
83%
19
83%
20
67%
21
67%
22
67%
23
67%
24
67%
25
67%
26
67%
27
67%
28
67%
29
50%
30
33%
No matching quizzes found
Score Distribution
Percent of People with Each Score
Percentile by Number Answered
Your Score History
You have not taken this quiz